|
|
|
|
| LEADER |
01261nam a22002537i 4500 |
| 005 |
20240718063320.0 |
| 008 |
161108s2016 gr ||||| |||| 00| ddgre d |
| 020 |
|
|
|a 9786185191207
|
| 040 |
|
|
|a GR-PaULI
|b gre
|c gr-PaULI
|e AACR2
|
| 041 |
1 |
|
|a gre
|h ger
|
| 082 |
0 |
4 |
|a 832.912
|2 23
|
| 100 |
1 |
|
|a Brecht, Bertolt,
|d 1898-1956
|e συγγραφέας
|9 5385
|
| 245 |
1 |
2 |
|a Η όπερας της πεντάρας /
|c Μπέρτολτ Μπρεχτ ; μετάφραση Γιώργος Δεπάστας ; επίμετρο Γιάννης Χουβαρδάς.
|
| 260 |
|
|
|a Αθήνα :
|b Κάπα,
|c [2016].
|
| 300 |
|
|
|a 141 σ. ;
|c 21 εκ.
|
| 500 |
|
|
|a Τίτλος πρωτοτύπου: Die Dreigroschenoper.
|
| 504 |
|
|
|6 Περιλαμβάνει εργοβιογραφία.
|
| 650 |
|
4 |
|9 1811
|a Γερμανικό δράμα
|
| 700 |
1 |
4 |
|9 145323
|a Χουβαρδάς, Γιάννης
|e συγγραφέας επιμέτρου
|
| 700 |
1 |
4 |
|9 149832
|a Δεπάστας, Γιώργος Δ.,
|d 1945-
|e μεταφραστής
|
| 942 |
|
|
|2 ddc
|c BK15
|
| 952 |
|
|
|0 0
|1 0
|2 ddc
|4 0
|6 832_912000000000000_BRE
|7 0
|9 207112
|a THST
|b THST
|d 2016-11-08
|i 014246
|l 3
|o 832.912 BRE
|p 025000138417
|r 2023-06-08 00:00:00
|s 2023-05-18
|t 1
|v 2016.00
|w 2016-11-08
|y BK15
|
| 998 |
|
|
|c ΜΑΝΙΑ
|d 2016-11
|
| 999 |
|
|
|c 125931
|d 125931
|